00665nam a2200205 i 4500001000700000003000900007005001700016007000300033008004100036100003200077245015900109250001200268260003700280300002000317650003000337700003200367700001800399700001800417852002400435129509ES-MaACL20230906193521.0t|070625s1920 sp ||||1| spa d1 aTestut, Léo (d1849-1925)10aTratado de anatomía topográfica con aplicaciones médico-quirúrgicas / cpor Jean Leon Testut, O. Jacob ; traducido por J. Góngora, R. Zariquiey. a3ª ed. aBarcelona : bP. Salvat, c1920. a2 v. ; c25 cm. 4aAnatomía topográfica.1 aJacob, Octave (d1867-1928)1 aGóngora, J.1 aZariquiey, R. aES-MaACLjE-1295-96